00616nam a2200229 a 4500001001300000003000900013005001700022008004100039020000900080082001700089100002000106245002200126260003300148300000800181500003500189650001600224700002000240902000800260942000700268952009600275999001500371nice12345678IN_TiNIC20260116012159.0070621s1937 bada grs 000 0 gug  ac1000a220.13bGAI1 aGairdner, W H T aIlham in Gujarati aBadaun bNo Publisher c1937 a48p aincludes index and biblioraphy aInspiration1 aGairdner, W H T bSRS cPS 00104070aHMIbHMId2008-04-18g10.00l0o220.13 GAI1p6418r2008-04-18w2026-01-16yARB c5968d5968